Emerging issues in management research : center for contemporary management research (Record no. 181234)

MARC details
000 -LEADER
fixed length control field 00490nam a2200169Ia 4500
005 - DATE AND TIME OF LATEST TRANSACTION
control field 20250311163654.0
008 - FIXED-LENGTH DATA ELEMENTS--GENERAL INFORMATION
fixed length control field 231217s9999 xx 000 0 und d
020 ## - INTERNATIONAL STANDARD BOOK NUMBER
International Standard Book Number 9788174466037
082 ## - DEWEY DECIMAL CLASSIFICATION NUMBER
Classification number 658 JAW;1 R
100 ## - MAIN ENTRY--PERSONAL NAME
Personal name Jawahar, David P ed.
245 #0 - TITLE STATEMENT
Title Emerging issues in management research : center for contemporary management research
260 ## - PUBLICATION, DISTRIBUTION, ETC. (IMPRINT)
Date of publication, distribution, etc. 2008
Name of publisher, distributor, etc. Excel Books
Place of publication, distribution, etc. New Delhi
300 ## - PHYSICAL DESCRIPTION
Extent ix+293
500 ## - GENERAL NOTE
General note Content page available
650 ## - SUBJECT ADDED ENTRY--TOPICAL TERM
Topical term or geographic name as entry element management
942 ## - ADDED ENTRY ELEMENTS (KOHA)
Koha item type Books
Holdings
Date last seen Total Checkouts Full call number Accession number Old discount Uniform Resource Identifier Cost, replacement price Price effective from Category Lost status Damaged status Department Withdrawn status bill no. bill date Permanent Location Current Location Shelving location Entry date Vendor Cost, normal purchase price Grants Currency symbol Conversion rate Discount Discount type
26/01/2024   658 JAW;1 R 50364 20 digital/contents/50364.pdf 316.00 26/01/2024 Books     Central Library   2008/CRB/0001011 16/08/2011 Central Library Central Library Central Library 25/09/2008 Intact Book House Pvt Ltd 395.00 MBA RS 1 79 Rupees
26/01/2024   658 JAW;2 54787 20 digital/contents/50364.pdf 316.00 26/01/2024 Books     Central Library   0910/0373 26/01/2013 Central Library Central Library MBA 22/07/2009 Surya Infotainment Products Pvt. Ltd. 395.00 MBA RS 1 79 Rupees

© For any Suggestions or Query, please contact the library staff @ librarian@pes.edu or Phone: +9180 2672 1983/ 2108.